Mitología cristiana : fiestas, ritos y mitos de la Edad Media /

Se describe aquí la mitología y prácticas culturales que se desarrollaron en la Europa medieval en torno a fechas destacadas del calendario eclesiástico: carnaval, Navidad, Pascua, San Juan, etc.

שמור ב:
מידע ביבליוגרפי
מחבר ראשי: Walter, Philippe (autor)
פורמט: ספר
שפה:ספרדית
יצא לאור: Buenos Aires, Argentina : Paidós, 2004, c2004
סדרה:(Paidós Diagonales ; 8)
נושאים:
תגים: הוספת תג
אין תגיות, היה/י הראשונ/ה לתייג את הרשומה!

MARC

LEADER 00000nam^a2200000^a^4500
001 000181490
005 20250521000000.0
009 20260310101932.894
020 |a 950-12-0508-8 
037 |a Acervo ITESO - Biblioteca 
041 |a ESP 
082 |a 394. 266094014  |b WAL 
100 |a Walter, Philippe  |e (autor) 
245 1 0 |a Mitología cristiana :  |b fiestas, ritos y mitos de la Edad Media /  |c P. Walter ; tr. por Alcira Bixio. 
264 4 |a Buenos Aires, Argentina :  |b Paidós,  |c 2004, c2004 
300 |a 204 p. 
336 |a texto  |b txt  |2 rdacontenido 
337 |a sin mediación  |b n  |2 rdamedio 
338 |a volumen  |b nc  |2 rdasoporte 
440 1 |a (Paidós Diagonales ; 8) 
500 |a Traducción de: Mythologie chrétienne 
520 |a Se describe aquí la mitología y prácticas culturales que se desarrollaron en la Europa medieval en torno a fechas destacadas del calendario eclesiástico: carnaval, Navidad, Pascua, San Juan, etc. 
649 |a XX 
650 |a Mitología Cristiana -  |z Europa -  |x Historia -  |y 476-1492 
650 |a Fiestas Religiosas -  |z Europa -  |x Historia -  |y 476-1492 
650 |a Ritos Religiosos -  |z Europa -  |x Historia -  |y 476-1492 
650 |a Prácticas Culturales -  |z Europa -  |x Historia -  |y 476-1492 
650 |a Calendario Eclesiástico -  |z Europa -  |x Historia -  |y 476-1492 
650 |a Año Cristiano -  |z Europa -  |x Historia -  |y 476-1492 
650 |a Catolicismo -  |z Europa -  |x Historia -  |y 476-1492 
650 |a Cristianismo -  |z Europa -  |x Historia -  |y 476-1492 
650 |a Religión -  |z Europa -  |x Historia -  |y 476-1492 
650 |a Sociología de la Religión 
650 |a Sociología de la Cultura 
650 |a Antropología Cultural 
650 |a Historia Social 
650 |a Europa -  |x Historia -  |y 476-1492 
650 |a Edad Media -  |x Historia 
910 |a Fondo General 
920 |a Impresos - Libros 
930 |a Colección General 
905 |a 101 
901 |a 0500121090  |b IT1  |c ACC  |u 20250521 
902 |a https://opac.biblio.iteso.mx/vufind/Record/000181490